Los cromos robados / (Record no. 146486)

MARC details
000 -CABECERA
campo de control de longitud fija 00743nam a2200229 u 4500
005 - FECHA Y HORA DE LA ÚLTIMA TRANSACCIÓN
campo de control 20240314063639.0
008 - ELEMENTOS DE LONGITUD FIJA--INFORMACIÓN GENERAL
campo de control de longitud fija 100129s2006 es r 000 0 spa d
020 ## - NÚMERO INTERNACIONAL NORMALIZADO PARA LIBROS
Número Internacional Estándar del Libro 8426355021
035 ## - NÚMERO DE CONTROL DEL SISTEMA
Número de control de sistema UPN01000174382
049 ## - COLECCIÓN
Colección I
050 #4 - SIGNATURA TOPOGRÁFICA DE LA BIBLIOTECA DEL CONGRESO
Número de clasificación PZ7
Número de documento/Ítem P7.4 2006
100 1# - ASIENTO PRINCIPAL--NOMBRE PERSONAL
Nombre de persona Preller, James,
Fechas asociadas al nombre 1961-
9 (RLIN) 30388
245 14 - MENCIÓN DE TÍTULO
Título Los cromos robados /
Mención de responsabilidad, etc. James Preller ; il. Peter Nieländer ; tr. Frank Schleper.
250 ## - MENCIÓN DE EDICIÓN
Mención de edición 3a ed.
260 ## - PUBLICACIÓN, DISTRIBUCIÓN, ETC.
Lugar de publicación, distribución, etc. Zaragoza, Esp. :
Nombre del editor, distribuidor, etc. Edelvives,
Fecha de publicación, distribución, etc. 2006.
300 ## - DESCRIPCIÓN FÍSICA
Extensión 80 p. :
Otras características físicas il. col.
440 #0 - MENCIÓN DE SERIE/ASIENTO SECUNDARIO--TÍTULO
Título Nino puzle ;
Designación de volumen o secuencia 6
534 ## - NOTA SOBRE LA VERSIÓN ORIGINAL
Frase introductoria Título original:
Mención de título del original The case of the stolen baseball cards
650 #4 - ASIENTO SECUNDARIO DE MATERIA - TERMINO TEMATICO
Término de materia o nombre geográfico como elemento de entrada Cuentos infantiles estadounidenses
9 (RLIN) 10762
650 #4 - ASIENTO SECUNDARIO DE MATERIA - TERMINO TEMATICO
Término de materia o nombre geográfico como elemento de entrada DETECTIVES -
Subdivisión de forma LITERATURA JUVENIL
9 (RLIN) 10860
905 ## - TIPO DE MATERIAL
Tipo de material Infantil
Holdings
Estado de retiro Estado de pérdida Fuente del sistema de clasificación o colocación Estado dañado No para préstamo Código de colección Localización permanente Ubicación/localización actual Ubicación en estantería Fecha de adquisición Total de préstamos Clasificación Código de barras Fecha visto por última vez Número de copia Tipo de ítem Koha
    Library of Congress Classification     Infantil Bib. Gregorio Torres Quintero Bib. Gregorio Torres Quintero Sala infantil Planta baja 10/05/2023 5 PZ7 P7.4 2006 264674 31/12/2020 1 Libro